000 00297nam a22001337a 4500
008 170403b xxu||||| |||| 00| 0 eng d
020 _a9789264199477
041 _aeng
080 _a674
100 _a9
101 _aSHM
245 _aMERGERNING RISKS IN THE CENTRY
_cJOHNSTON.D
942 _2udc
_cBK
999 _c9517
_d9517